Estadísticas para Medallas España London 2012

Haz click aquí para tomar la prueba!

Estadísticas generales

  • Esta prueba ha sido tomada 37 veces
  • La puntuación promedio es 10 de 17

Estadísticas de respuestas

MetalRespuesta% Correcto
PLATABALONCESTO
91%
PLATANATACIÓN
91%
PLATAPIRAGÜISMO
76%
BRONCEBALONMANO
64%
BRONCEPIRAGÜISMO ESLALON
64%
ORO | PLATATAEKWONDO
61%
PLATAPIRAGÜISMO
61%
OROVELA
55%
BRONCE | PLATANATACIÓN SINCRONIZADA
42%
PLATAWATERPOLO
39%
BRONCELUCHA LIBRE
36%
PLATATRIATLÓN
33%

Distribución de puntuación

Porcentaje por número respondido

Porcentaje de gente con cada puntuación

Historial de tus puntuaciones

No has tomado esta prueba